| 000 | 00607nam a2200193 i 4500 | ||
|---|---|---|---|
| 001 | 123265 | ||
| 003 | ES-MaACL | ||
| 005 | 20251012063050.0 | ||
| 007 | t| | ||
| 008 | 070214s1967 sp r ||||0| spa d | ||
| 100 | 1 |
_aRabanal Álvarez, Manuel de, _d1914- _994836 |
|
| 245 | 1 | 0 |
_aHablas hispánicas _b: temas gallegos y leoneses / _cManuel Rabanal. |
| 260 |
_aMadrid : _bAlcalá, _c1967. |
||
| 300 |
_a154 p ; _c18 cm. |
||
| 650 | 4 |
_aNombres geográficos- _zGalicia. _9144997 |
|
| 650 | 4 |
_aLengua española- _zGalicia. _9154397 |
|
| 852 |
_aES-MaACL _jC-32917 _bR.63880 |
||
| 999 |
_c123265 _d123265 |
||